000 00552nam a2200157Ia 4500
008 090124s9999 xx 000 0 und d
082 _b33917
245 _a एका समाजवाद्याचे चिंतन
250 _a1
260 _bसुगावा प्रकाशन
_c1997
300 _a291
630 _a एका समाजवाद्याचे चिंतन
700 _aसुराणा पन्नालाल
730 _a एका समाजवाद्याचे चिंतन
942 _cBOOK
999 _c99791
_d99791